<?xml version="1.0" encoding="UTF-8"?>
<marc:record xmlns:marc="http://www.loc.gov/MARC21/slim">
   <marc:leader>00000nam a2200000 a 4500</marc:leader>
   <marc:datafield ind1="1" ind2=" " tag="100">
      <marc:subfield code="a">Caldwell, Chloé</marc:subfield>
      <marc:subfield code="4">aut</marc:subfield>
      <marc:subfield code="e">Verfasser/-in</marc:subfield>
   </marc:datafield>
   <marc:datafield ind1=" " ind2=" " tag="653">
      <marc:subfield code="a">USA / Belletristik</marc:subfield>
   </marc:datafield>
   <marc:datafield ind1=" " ind2=" " tag="653">
      <marc:subfield code="a">LGBT / Belletristische Darstellung</marc:subfield>
   </marc:datafield>
   <marc:datafield ind1=" " ind2=" " tag="653">
      <marc:subfield code="a">Lesbisch</marc:subfield>
   </marc:datafield>
   <marc:datafield ind1="0" ind2="0" tag="245">
      <marc:subfield code="a">Women</marc:subfield>
   </marc:datafield>
   <marc:datafield ind1="0" ind2="0" tag="245">
      <marc:subfield code="c">Caldwell, Chloé</marc:subfield>
   </marc:datafield>
   <marc:datafield ind1=" " ind2="1" tag="264">
      <marc:subfield code="a">London</marc:subfield>
      <marc:subfield code="b">4th Estate</marc:subfield>
      <marc:subfield code="c">2024</marc:subfield>
   </marc:datafield>
   <marc:datafield ind1="1" ind2=" " tag="520">
      <marc:subfield code="a">A "delightfully frenetic cult classic" (The Atlantic) that intimately explores one young writer's whirlwind and whiplash affair as she falls deeply in love with a woman for the first time.&#xD;
&#xD;
Sometimes I wonder what it is I could tell you about her for my job here to be done. I am looking for a short-cut. . . .But that would be asking too much from you. It wasn't you who loved her.&#xD;
&#xD;
A young writer moves from the country to the city and falls in love with another woman for the very first time. From the start, the relationship is doomed; Finn is nineteen years older, wears men's clothes, has a cocky smirk of a smile . . . and a long-term girlfriend.&#xD;
&#xD;
With startling clarity and breathtaking tenderness, Chloé Caldwell writes the story of a love in reverse: of nights spent drunkenly hurling a phone against a brick wall; of early mornings hungover in bed, curled up together; of emails and poems exchanged at breakneck speed. In Women, Caldwell lays bare the fierce obsession of addictive love, and asks the question: what, if anything, can who we love teach us about who we are?&#xD;
&#xD;
In this beautiful, transcendent, bracingly sexy novella, Caldwell tells a lust-love story that will bring you to your knees. Capturing the feverish heartbreak of Sapphic romance, painting a stark picture of an identity in crisis, and illuminating the exploratory possibilities of queer life, Women brands the heart and sears the soul.</marc:subfield>
   </marc:datafield>
   <marc:datafield ind1=" " ind2=" " tag="020">
      <marc:subfield code="a">9780008254940</marc:subfield>
      <marc:subfield code="9">9780008254940</marc:subfield>
   </marc:datafield>
   <marc:datafield ind1=" " ind2=" " tag="041">
      <marc:subfield code="a">eng</marc:subfield>
   </marc:datafield>
   <marc:datafield ind1=" " ind2=" " tag="338">
      <marc:subfield code="a">Band</marc:subfield>
   </marc:datafield>
   <marc:datafield ind1=" " ind2=" " tag="300">
      <marc:subfield code="a">142 Seiten</marc:subfield>
   </marc:datafield>
</marc:record>
